My story
| Main Author: | |
|---|---|
| Format: | Book |
| Published: |
Selangor :
Pelanduk Publications ,
2004
|
| Subjects: |
MARC
| LEADER | 00000cam a2200000 7i4500 | ||
|---|---|---|---|
| 001 | 0000020448 | ||
| 005 | 20080627.0 | ||
| 008 | 080627 | ||
| 020 | |a 9679788598 | ||
| 090 | 0 | 0 | |a 923.3595 |b LIM |
| 100 | 0 | |a Lim Goh Tong, Tan Sri | |
| 245 | 1 | 0 | |a My story |c Lim Goh Tong |
| 260 | |a Selangor : |b Pelanduk Publications , |c 2004 | ||
| 650 | 0 | |a Autobiography | |
| 650 | 0 | |a Businessmen |z Malaysia |x Biography | |
| 650 | 0 | |a Lim, Goh Tong, Tan Sri, 1918 | |
| 999 | |a 0001016676 |b Book |c Adult Collection |e Perbadanan Perpustakaan Awam Johor | ||